Statistics for Former Countries by Territory Map

Click here to take the quiz!

General Stats

  • This quiz has been taken 18,554 times
  • The average score is 13 of 18

Answer Stats

Answer % Correct
Roman Empire
97%
Soviet Union
93%
Spanish Empire
92%
Mongol Empire
89%
Ottoman Empire
87%
Yugoslavia
86%
Austria-Hungary
81%
Czechoslovakia
79%
Achaemenid Persian Empire
77%
Prussia
74%
Inca Empire
68%
Holy Roman Empire
65%
Abbasid Caliphate
59%
Macedonian Empire
53%
Venetian Republic
53%
Neo-Babylonian Empire
40%
Frankish Empire
39%
Mughal Empire
29%

Score Distribution

Percentile by Number Answered

Percent of People with Each Score

Your Score History

You have not taken this quiz